000 00333 a2200145 4500
001 168008
020 _a
040 _cMagnum
100 _aOliveira, Francisco Estevam Martins de
240 1 0 _aEstatistica e probabilidade
_lpor
245 1 0 _aEstatistica e probabilidade
362 0 _a1899
697 _aESTATISTICA
942 _cBK
999 _c168008
_d168008